The pebble first guide to butterflies / (Record no. 8324)

MARC details
000 -LEADER
fixed length control field 00866nam a22002777a 4500
001 - CONTROL NUMBER
control field 8324
003 - CONTROL NUMBER IDENTIFIER
control field FISKH
005 - DATE AND TIME OF LATEST TRANSACTION
control field 20250909101113.0
008 - FIXED-LENGTH DATA ELEMENTS--GENERAL INFORMATION
fixed length control field 250909b cb ||||| |||| 00| 0 eng d
020 ## - INTERNATIONAL STANDARD BOOK NUMBER
International Standard Book Number 9781429634397
040 ## - CATALOGING SOURCE
Original cataloging agency FISKH
Language of cataloging eng
Transcribing agency FISKH
Modifying agency FISKH
050 ## - LIBRARY OF CONGRESS CALL NUMBER
Classification number QL544.2 .S49
082 ## - DEWEY DECIMAL CLASSIFICATION NUMBER
Classification number 595.78
100 ## - MAIN ENTRY--PERSONAL NAME
Personal name Shores, Lori
245 ## - TITLE STATEMENT
Title The pebble first guide to butterflies /
Statement of responsibility, etc. By Lori Shores
260 ## - PUBLICATION, DISTRIBUTION, ETC.
Place of publication, distribution, etc. Minnesota :
Name of publisher, distributor, etc. Capstone Press ,
Date of publication, distribution, etc. 2009.
300 ## - PHYSICAL DESCRIPTION
Extent 32 pages :
Other physical details color illustrations ;
Dimensions 18 cm .
505 ## - FORMATTED CONTENTS NOTE
Formatted contents note J <br/>
520 ## - SUMMARY, ETC.
Summary, etc. A basic field guide format introduces thirteen butterfly species. Includes color photographs and range maps.<br/>
521 8# - TARGET AUDIENCE NOTE
Target audience note 480 <br/>
Source Lexile <br/>
521 8# - TARGET AUDIENCE NOTE
Target audience note 480 <br/>
Source Raz-Plus <br/>
521 8# - TARGET AUDIENCE NOTE
Target audience note J <br/>
Source Raz-Plus <br/>
650 ## - SUBJECT ADDED ENTRY--TOPICAL TERM
Topical term or geographic name entry element Butterflies
Form subdivision Juvenile Literature
942 ## - ADDED ENTRY ELEMENTS (KOHA)
Source of classification or shelving scheme Dewey Decimal Classification
Koha item type Books
Suppress in OPAC No
Holdings
Withdrawn status Lost status Source of classification or shelving scheme Damaged status Not for loan Collection Home library Current library Shelving location Date acquired Total Checkouts Full call number Barcode Date last seen Price effective from Koha item type
    Dewey Decimal Classification     Non-Fiction Footprints International School Library Network Toul Tom Poung Campus Footprints International School Library Network Toul Tom Poung Campus TTP Primary Dark Blue Bookshelves 09/09/2025   SHO 595.98 QL544.2 .S49 2025-4397 09/09/2025 09/09/2025 Books